Central Library OPAC University of Rajshahi

A short English constitutional history for law students / (Record no. 45865)

MARC details
000 -LEADER
fixed length control field 00702nam a2200217 a 4500
001 - CONTROL NUMBER
control field 45865
003 - CONTROL NUMBER IDENTIFIER
rucl marc code BD-RjUL
005 - DATE AND TIME OF LATEST TRANSACTION
control field 20211209054058.0
008 - FIXED-LENGTH DATA ELEMENTS--GENERAL INFORMATION
fixed length control field 160728s1920 enk 0 eng d
035 ## - SYSTEM CONTROL NUMBER
System control number (BD-RjUL)45983
040 ## - CATALOGING SOURCE
Original cataloging agency NUN:S
Language of cataloging eng
Transcribing agency NUN:S
Modifying agency BD-RjUL
041 ## - LANGUAGE CODE
Language code of text/sound track or separate title eng
082 ## - DEWEY DECIMAL CLASSIFICATION NUMBER
Edition number 23
Classification number 340.09
Author mark and year HAS 1920
100 1# - MAIN ENTRY--PERSONAL NAME
Personal name Hammond, Edgar.
9 (RLIN) 140270
245 12 - TITLE STATEMENT
Title A short English constitutional history for law students /
Statement of responsibility, etc. by Edgar Hammond.
260 ## - PUBLICATION, DISTRIBUTION, ETC. (IMPRINT)
Place of publication, distribution, etc. London :
Name of publisher, distributor, etc. Sweet and Maxwell,
Date of publication, distribution, etc. 1920.
300 ## - PHYSICAL DESCRIPTION
Pagination 163 p. ;
Size 21 cm.
650 ## - SUBJECT ADDED ENTRY--TOPICAL TERM
Topical term or geographic name as entry element Constitutional history -- Great Britain -- Examinations, questions, etc.
9 (RLIN) 140271
Topical term or geographic name as entry element Constitutional history.
9 (RLIN) 140272
942 ## - ADDED ENTRY ELEMENTS (KOHA)
Source of classification or shelving scheme Dewey Decimal Classification
Koha item type Books
Holdings
Lost status Source of classification or shelving scheme Damaged status Not for loan Collection code Permanent Location Current Location Shelving location Date acquired Source of acquisition Total Checkouts Full call number Date last seen Copy number Koha item type
  Dewey Decimal Classification   Not For Loan Non-fiction Central Library, University of Rajshahi Central Library, University of Rajshahi Reading Room 27/03/1974 British National Book Centre   340.09 HAS 1920 28/07/2016 C-1 Books